Т. 1: Наука логики; Энциклопедия философских наук

Bibliografische gegevens
Parent link:Энциклопедия философских наук: пер. с нем./ Г. В. Ф. Гегель; Академия Наук СССР; Институт философии. Т. 1: Наука логики.— , 1974-1977
Taal:Russisch
Gepubliceerd in: 1974
Onderwerpen:
Formaat: Boek
KOHA link:https://koha.lib.tpu.ru/cgi-bin/koha/opac-detail.pl?biblionumber=19898

MARC

LEADER 00000nam2a2200000 4500
001 19898
005 20231101205321.0
035 |a (RuTPU)RU\TPU\book\20068 
035 |a BOOK00020138 
090 |a 19898 
100 |a 20011209d1974 km y0rusy50 ca 
101 1 |a rus  |c ger 
102 |a RU 
105 |a y z 000zy 
200 0 |a Т. 1: Наука логики 
210 |d 1974 
215 |a 452 с. 
461 1 |0 (RuTPU)RU\TPU\book\66523  |t Энциклопедия философских наук  |o пер. с нем.  |o В 3 т.  |f Г. В. Ф. Гегель  |g Академия Наук СССР; Институт философии  |v Т. 1: Наука логики  |d 1974-1977  |s Философское наследие 
606 1 |a Немецкая философия  |z 2 пол. 19 в. -1949 г.  |2 stltpush  |3 (RuTPU)RU\TPU\subj\45373  |9 64617 
610 1 |a философия 
610 1 |a 18 век 
610 1 |a 19 век 
610 1 |a история 
610 1 |a логика 
610 1 |a бытие 
610 1 |a понятие 
610 1 |a диалектика 
610 1 |a идеализм 
686 |a Ю3(4Г)5  |v LBC/SL-A  |2 rubbk 
801 0 |a RU  |b 63413507  |c 20011209  |g PSBO 
801 2 |a RU  |b 63413507  |c 20160226  |g PSBO 
942 |c BK